Trace analysis: physical methods

Gespeichert in:
Bibliographische Detailangaben
1. Verfasser: Morrison, George H. (VerfasserIn)
Format: Buch
Sprache:Englisch
Veröffentlicht: Nueva York John Wiley 1965
Schlagworte:
Tags: Tag hinzufügen
Keine Tags, Fügen Sie den ersten Tag hinzu!

MARC

LEADER 00000nam a2200000 a 4500
001 UCT4408
003 CL-VaPUC
008 961112e19650000US |||||||||||||||||eng|d
082 0 4 |a 543  |b MOR  |2 21 
100 |a Morrison, George H.  |e author  |9 373695 
245 1 0 |a Trace analysis: physical methods 
300 |a 582 p 
942 |c BK 
945 |d 19961112 00:00:00  |a paguirre 
260 |a Nueva York  |b John Wiley  |c 1965 
650 0 |a Química analítica  |9 259648 
650 0 |a Espectroscopía  |9 306791 
650 0 |a Biología  |9 262022 
650 0 |a Organismos vivos  |9 264556 
650 0 |a Electroquímica  |9 263973 
583 |a last modification  |c 19961112 00:00:00  |k Rodrigo Vera 
999 |c 253777  |d 253775 
952 |0 0  |1 0  |4 0  |6 543_000000000000000_MOR_1965  |7 0  |8 A  |9 274847  |a BIBCUR  |b BIBCUR  |d 2019-11-19  |i 178739K  |o 543 MOR 1965  |p 178739K  |r 2025-04-22  |w 2019-11-19  |y BK  |k QUI